Normal view
MARC view
- Scandinavia
Entry Topical Term
001 - CONTROL NUMBER
- control field: 131557
003 - CONTROL NUMBER IDENTIFIER
- control field: OSt
005 - DATE AND TIME OF LATEST TRANSACTION
- control field: 20260406145544.0
008 - FIXED-LENGTH DATA ELEMENTS
- fixed length control field: 260406|| aca||aabn | a|a d
040 ## - CATALOGING SOURCE
- Original cataloging agency: OSt
- Transcribing agency: OSt
150 ## - HEADING--TOPICAL TERM
- Topical term or geographic name entry element: Scandinavia
- General subdivision: Juvenile literature
670 ## - SOURCE DATA FOUND
- Source citation: Work cat.: (OSt)94057: Leonard, Scott A. 131548, Myths and legends of Scandinavia /, c2016.









